| 000 | 00757nam a2200217 4500 | ||
|---|---|---|---|
| 001 | 148578 | ||
| 003 | ES-MaACL | ||
| 005 | 20230906202717.0 | ||
| 007 | t| | ||
| 008 | 070214s1937 xxk r ||||1| eng d | ||
| 100 | 1 |
_aStrupp, Karl. _9108468 |
|
| 245 | 1 | 0 |
_aLegal machinery for peaceful change / _cby Karl Strupp ; préface de Georges Scelle. |
| 260 |
_aLondon : _bStevens and sons, _c1937 ( _fThe Whitefriars Press) |
||
| 300 |
_aXXVI, 85 p. ; _c22 cm. |
||
| 490 | 1 |
_aThe New Commonwealth Institute monographs. Serie B ; _v4 |
|
| 700 | 1 |
_aScelle, Georges. _9104157 |
|
| 710 | 2 |
_aNew Commonwealth Institute. _95990 |
|
| 830 | 0 |
_aThe New Commonwealth Institute monographs. Serie B ; _v4 _9221022 |
|
| 852 |
_aES-MaACL _jC-4377 |
||
| 999 |
_c148578 _d148578 |
||